000 003010000a22001450004500
003 MACL
040 _aMACL
090 _c3274
_d3274
100 _aKumar, Dharma
245 _aland And Caste In South India
260 _bManohar
_c1992
350 _a250
650 _aSocial Science
942 _cBOOK
_k300
999 _c3252
_d3252